|
|
|
|
| LEADER |
02341nam a2200409Ka 4500 |
| 001 |
bslw06346741 |
| 003 |
UtOrBLW |
| 005 |
20101115152719.0 |
| 006 |
m d |
| 007 |
cr un||||||||| |
| 008 |
101115s2003 enk o 000 0 eng d |
| 020 |
|
|
|a 9781849501965 (electronic bk.) :
|c £67.95 ; €99.95 ; $120.95
|
| 040 |
|
|
|a UtOrBLW
|c UtOrBLW
|d GrThAP
|
| 050 |
|
4 |
|a HB74.5
|b .H57 2003
|
| 072 |
|
7 |
|a KCZ
|2 bicssc
|
| 072 |
|
7 |
|a KCA
|2 bicssc
|
| 072 |
|
7 |
|a BUS041000
|2 bisacsh
|
| 080 |
|
|
|a 330.8
|
| 082 |
0 |
4 |
|a 330
|2 22
|
| 245 |
0 |
0 |
|a Histories of economic thought
|h [electronic resource] /
|c edited by Warren J. Samuels.
|
| 260 |
|
|
|a Bingley, U.K. :
|b Emerald,
|c 2003.
|
| 300 |
|
|
|a 1 online resource (271 p.).
|
| 490 |
1 |
|
|a Research in the history of economic thought and methodology,
|x 0743-4154 ;
|v v. 21, pt. 2
|
| 505 |
0 |
|
|a An 1880 list of references in economics / Warren J. Samuels -- Walton H. Hamilton's outlines for the principles of economics, University of Michigan, 1911 / Warren J. Samuels -- Lectures by James S. Earley on the development of economics, University of Wisconsin, 1954-1955 / Warren J. Samuels -- Charles Henry Hull's Syllabus of lectures on the history of economic theories Cornell University, 1895 / Warren J. Samuels.
|
| 520 |
|
|
|a Four documents pertinent to the history of economic thought are published for the first time: a list of references in economics dating from 1880; a syllabus of lectures on the history of economics given by C.H. Hull in Cornell University in 1895; the outlines for Walton H. Hamilton's Principles-of Economics course in the University of Michigan, 1911; and notes taken in James S. Earley's course on the Development of Economics, 1954-1955, by Warren J. Samuels.
|
| 650 |
|
7 |
|a Business & Economics
|x Management.
|2 bisacsh
|
| 650 |
|
7 |
|a Economic history.
|2 bicssc
|
| 650 |
|
7 |
|a Economic theory & philosophy.
|2 bicssc
|
| 650 |
|
0 |
|a Economics
|x Study and teaching (Higher)
|
| 650 |
|
0 |
|a Economics
|x Methodology.
|
| 650 |
|
0 |
|a Economics
|x Research.
|
| 700 |
1 |
|
|a Biddle, Jeff.
|
| 700 |
1 |
|
|a Samuels, Warren J.,
|d 1933-
|
| 776 |
1 |
|
|z 9780762309979
|
| 830 |
|
0 |
|a Research in the history of economic thought and methodology ;
|v v. 21, pt. 2.
|
| 856 |
4 |
0 |
|u http://www.emeraldinsight.com/doi/book/10.1016/S0743-4154(2003)21_Part_2
|z Full Text via HEAL-Link
|
| 913 |
|
|
|1 BMEbacklist
|